[Event "Muscat-ch op"]
[Site "Muscat"]
[Date "2024.12.31"]
[Round "9"]
[White "Al Kuwari, Hamad"]
[Black "Al Qudaimi, Abdullah"]
[Result "1-0"]
[WhiteElo "1736"]
[BlackElo "1819"]
[PlyCount "113"]
[EventDate "2024.12.26"]
[EventType "swiss"]
[EventRounds "9"]
[EventCountry "OMN"]
[SourceTitle "CB01_2025"]
[SourceDate "2025.01.01"]
[SourceVersion "1"]
[SourceVersionDate "2025.01.01"]
[SourceQuality "1"]

1. e4 c5 2. Nf3 e6 3. d4 cxd4 4. Nxd4 Nc6 5. Nc3 Nf6 6. a3 a6 7. Be3 Be7 8. Be2 0-0 9. 0-0 Qc7 10. f4 d6 11. Qe1 e5 12. Nxc6 bxc6 13. f5 d5 14. exd5 cxd5 15. Qg3 Kh8 16. Rad1 Bb7 17. Bf3 Bxa3 18. Nxd5 Nxd5 19. Bxd5 Bxb2 20. f6 Rg8 21. Bxb7 Qxb7 22. Rb1 Rab8 23. c3 Qc7 24. Bg5 g6 25. Bh6 Rgd8 26. Rf3 Bxc3 27. Rbf1 Bd4+ 28. Kh1 Kg8 29. Bg7 Qc6 30. Qh4 Qxf3 31. gxf3 Be3 32. Bh6 Bc5 33. Qe4 Bd6 34. Rd1 a5 35. Kg2 Rb2+ 36. Kh3 Rbb8 37. Bc1 Bc7 38. Rxd8+ Rxd8 39. Ba3 h6 40. Qe3 Kh7 41. Qc5 Bb8 42. Qe7 Rg8 43. Qxf7+ Kh8 44. Bf8 h5 45. Qe8 Bd6 46. Bg7+ Kh7 47. Qe6 Rd8 48. Qf7 Rg8 49. Bf8+ Kh8 50. Bxd6 a4 51. Qe7 g5 52. f7 g4+ 53. fxg4 hxg4+ 54. Kg2 g3 55. Bxe5+ Kh7 56. f8Q+ Kg6 57. Qef6+ 1-0

[Event "Muscat-ch op"]
[Site "Muscat"]
[Date "2024.12.29"]
[Round "6"]
[White "Al Qudaimi, Abdullah"]
[Black "Izaan, Shafeek"]
[Result "1-0"]
[WhiteElo "1819"]
[BlackElo "1657"]
[PlyCount "73"]
[EventDate "2024.12.26"]
[EventType "swiss"]
[EventRounds "9"]
[EventCountry "OMN"]
[SourceTitle "CB01_2025"]
[SourceDate "2025.01.01"]
[SourceVersion "1"]
[SourceVersionDate "2025.01.01"]
[SourceQuality "1"]

1. d4 d5 2. Nf3 Nf6 3. c4 e6 4. g3 c5 5. Bg2 Nc6 6. 0-0 Qb6 7. cxd5 exd5 8. dxc5 Bxc5 9. Nc3 Qd8 10. Qb3 Bb6 11. Bg5 Be6 12. Rfd1 d4 13. Qa4 Bd7 14. Ne4 Qe7 15. Nfd2 Bc7 16. Nxf6+ gxf6 17. Bh4 Nb4 18. Qb3 Be6 19. Qf3 Nd5 20. Nb3 Be5 21. Qh5 0-0-0 22. Nxd4 Qb4 23. Nxe6 fxe6 24. Qf7 Nc7 25. a3 Qb3 26. Rdc1 Rd7 27. Qh5 Bxb2 28. Rab1 Rhd8 29. e3 Qxa3 30. Qf3 Rd5 31. Rc2 Be5 32. Qe2 R5d6 33. Bxb7+ Kd7 34. Qh5 Re8 35. Rxc7+ Kxc7 36. Qxe8 Qc5 37. Qc8# 1-0

[Event "Suhar op"]
[Site "Suhar"]
[Date "2024.12.13"]
[Round "4"]
[White "Napone, Emerson"]
[Black "Al Qudaimi, Abdullah"]
[Result "1-0"]
[WhiteElo "1930"]
[BlackElo "1819"]
[PlyCount "67"]
[EventDate "2024.12.12"]
[EventType "swiss"]
[EventRounds "7"]
[EventCountry "OMN"]
[SourceTitle "CB52_2024"]
[SourceDate "2024.12.25"]
[SourceVersion "1"]
[SourceVersionDate "2024.12.25"]
[SourceQuality "1"]

1. Nf3 d5 2. g3 c5 3. c4 d4 4. Bg2 Nc6 5. 0-0 e5 6. d3 Bd6 7. e3 Nge7 8. exd4 exd4 9. Nbd2 Bf5 10. Ne4 Bxe4 11. dxe4 0-0 12. Ne1 f5 13. Nd3 a5 14. Re1 fxe4 15. Bxe4 Nf5 16. Qh5 g6 17. Qg4 Rb8 18. Nf4 Ng7 19. Nxg6 hxg6 20. Qxg6 Ne7 21. Qh7+ Kf7 22. Bh6 Rg8 23. Bf3 Qc8 24. Rxe7+ Kxe7 25. Re1+ Kf6 26. Bxg7+ Rxg7 27. Qh4+ Rg5 28. Bd5 Qf5 29. Re6+ Qxe6 30. Bxe6 Kg6 31. f4 Bxf4 32. Qxf4 Rd8 33. h4 d3 34. Qxg5+ 1-0

[Event "OMA-ch Clubs 7th"]
[Site "Muscat"]
[Date "2024.07.13"]
[Round "4.4"]
[White "Al Qudaimi, Abdullah"]
[Black "Al Bulushi, Ali"]
[Result "1-0"]
[WhiteElo "1781"]
[BlackElo "1563"]
[PlyCount "45"]
[EventDate "2024.07.11"]
[EventType "team-swiss"]
[EventRounds "9"]
[EventCountry "OMN"]
[SourceTitle "EXT 2025"]
[Source "ChessBase"]
[SourceDate "2024.10.14"]
[SourceVersion "1"]
[SourceVersionDate "2024.10.14"]
[SourceQuality "1"]
[WhiteTeam "Al Nahda"]
[BlackTeam "Al Shabab"]
[WhiteTeamCountry "OMN"]
[BlackTeamCountry "OMN"]

1. d4 Nf6 2. Nf3 e6 3. e3 d5 4. Bd3 c6 5. b3 Nbd7 6. Bb2 Bd6 7. 0-0 0-0 8. Nbd2 c5 9. Ne5 Re8 10. f4 Bc7 11. a4 b6 12. Nc6 Bb7 13. Nxd8 Raxd8 14. g4 Nb8 15. g5 Nfd7 16. Rf3 g6 17. Rh3 f6 18. dxc5 f5 19. Qe1 Nxc5 20. Rh4 h6 21. Rxh6 e5 22. Rh7 Rd7 23. Qh4 1-0

[Event "Jeddah Karpov Cup"]
[Site "Jeddah"]
[Date "2024.01.28"]
[Round "8"]
[White "Al Qudaimi, Abdullah"]
[Black "Eisa Mohmood, Alkhoori"]
[Result "1-0"]
[WhiteElo "1494"]
[BlackElo "1541"]
[PlyCount "109"]
[EventDate "2024.01.24"]
[EventType "swiss"]
[EventRounds "9"]
[EventCountry "SAU"]
[SourceTitle "CBM 218 Extra"]
[Source "ChessBase"]
[SourceDate "2024.03.31"]
[SourceVersion "1"]
[SourceVersionDate "2024.03.31"]
[SourceQuality "1"]

1. d4 d5 2. Nf3 Nf6 3. g3 e6 4. Bg2 Be7 5. 0-0 Ne4 6. Nbd2 f5 7. Nxe4 dxe4 8. Ne5 Nd7 9. Nxd7 Bxd7 10. f3 Bc6 11. fxe4 Bxe4 12. Bxe4 fxe4 13. Bf4 h5 14. e3 Qd7 15. Be5 0-0-0 16. Rf7 h4 17. Qg4 hxg3 18. Qxg3 Qe8 19. Raf1 Rd7 20. Kh1 Bf6 21. Rxd7 Bxe5 22. Qxe5 Qxd7 23. Qxe4 Kb8 24. c4 Qd6 25. Qf4 Qc6+ 26. d5 Qe8 27. Qf7 Qd8 28. dxe6 Qd6 29. Qf4 Qxe6 30. Qf8+ Qc8 31. Qxc8+ Kxc8 32. Rd1 Rh3 33. Rd3 g5 34. Kg2 g4 35. Rb3 b6 36. e4 Rh8 37. Rg3 Rg8 38. Kf2 Kd7 39. Ke3 Rh8 40. Rg2 Rg8 41. Kf4 Rf8+ 42. Kxg4 Ke6 43. Re2 Ke5 44. h4 Rg8+ 45. Kh3 Kf4 46. Rg2 Rd8 47. Rg4+ Kf3 48. h5 Rd1 49. Kh4 Rd8 50. e5 Re8 51. h6 Rxe5 52. h7 Re8 53. Rg8 Re4+ 54. Kh3 Re1 55. Rf8+ 1-0

[Event "Jeddah Karpov Cup"]
[Site "Jeddah"]
[Date "2024.01.25"]
[Round "2"]
[White "Robledo Sanchez, Saul"]
[Black "Al Qudaimi, Abdullah"]
[Result "1-0"]
[WhiteElo "2000"]
[BlackElo "1494"]
[PlyCount "69"]
[EventDate "2024.01.24"]
[EventType "swiss"]
[EventRounds "9"]
[EventCountry "SAU"]
[SourceTitle "CBM 218 Extra"]
[Source "ChessBase"]
[SourceDate "2024.03.31"]
[SourceVersion "1"]
[SourceVersionDate "2024.03.31"]
[SourceQuality "1"]

1. e4 c5 2. Nf3 Nc6 3. d4 cxd4 4. Nxd4 d6 5. Nc3 g6 6. Be3 Bg7 7. Qd2 Nf6 8. f3 0-0 9. g4 Nxd4 10. Bxd4 Nd7 11. Bxg7 Kxg7 12. h4 Qa5 13. 0-0-0 h6 14. a3 Ne5 15. Be2 Bd7 16. Rdg1 Qc5 17. f4 Nc6 18. Bd3 Rac8 19. Kb1 Nd4 20. Rg3 b5 21. Nd5 Be6 22. Nxe7 Rc7 23. Nf5+ Nxf5 24. gxf5 Bc4 25. h5 Rfc8 26. hxg6 f6 27. Rgh3 Bxd3 28. Qxd3 Rh8 29. Qd2 a5 30. Qh2 b4 31. Rxh6 bxa3 32. Rh7+ Rxh7 33. Qxh7+ Kf8 34. Qh8+ Ke7 35. Rh7# 1-0

[Event "World Amateur-ch U1700"]
[Site "Muscat"]
[Date "2023.11.04"]
[Round "3.6"]
[White "Alotaibi, Dayfullah M"]
[Black "Al Qudaimi, Abdullah"]
[Result "1-0"]
[WhiteElo "1666"]
[BlackElo "1507"]
[PlyCount "97"]
[EventDate "2023.11.02"]
[EventType "swiss"]
[EventRounds "9"]
[EventCountry "OMN"]
[SourceTitle "CBM 217 Extra"]
[Source "ChessBase"]
[SourceDate "2024.01.31"]
[SourceVersion "1"]
[SourceVersionDate "2024.01.31"]
[SourceQuality "1"]

1. f4 d5 2. e3 Nc6 3. Bb5 Bd7 4. Nf3 e6 5. 0-0 Bd6 6. d3 Nf6 7. b3 Qe7 8. Bb2 a6 9. Bxc6 Bxc6 10. Ne5 Bxe5 11. fxe5 Nd7 12. Qg4 0-0-0 13. Ba3 Qe8 14. Qf4 f6 15. exf6 gxf6 16. Nd2 Qg6 17. Rae1 Rhg8 18. Rf2 Rde8 19. e4 Qh5 20. Qf3 Qh4 21. Bb2 Rg6 22. exd5 Bb5 23. c4 Reg8 24. Ree2 Rh6 25. g3 Rxg3+ 26. hxg3 Rg6 27. Rg2 Qh3 28. cxb5 e5 29. Ne4 f5 30. Nf2 Qh6 31. bxa6 bxa6 32. Rc2 Rd6 33. Rc6 Qd2 34. Rxd6 cxd6 35. Nh3 Qe1+ 36. Kh2 e4 37. dxe4 fxe4 38. Qc3+ Qxc3 39. Bxc3 Nc5 40. Nf4 Kd7 41. Bd4 Nb7 42. Rc2 a5 43. Ne6 Nc5 44. Nxc5+ dxc5 45. Bxc5 h5 46. Kh3 a4 47. Kh4 axb3 48. axb3 Kd8 49. Re2 1-0